Watan Ki Beti / (Record no. 528873)
[ view plain ]
| 000 -LEADER | |
|---|---|
| fixed length control field | 00422nam a22001697a 4500 |
| 003 - CONTROL NUMBER IDENTIFIER | |
| control field | NUST |
| 020 ## - INTERNATIONAL STANDARD BOOK NUMBER | |
| Qualifying information | H/B. |
| 038 ## - RECORD CONTENT LICENSOR | |
| Staff Name | waseem |
| 082 ## - DEWEY DECIMAL CLASSIFICATION NUMBER | |
| Classification number | 891.4390 |
| Author Mark | BAN |
| 100 ## - MAIN ENTRY--PERSONAL NAME | |
| Personal name | Bano, Shanaz |
| 9 (RLIN) | 20689 |
| 245 ## - TITLE STATEMENT | |
| Title | Watan Ki Beti / |
| Statement of responsibility, etc. | Shanaz Bano |
| 260 ## - PUBLICATION, DISTRIBUTION, ETC. | |
| Place of publication, distribution, etc. | Karachi : |
| Name of publisher, distributor, etc. | Agai matobate, |
| Date of publication, distribution, etc. | 2019. |
| 300 ## - PHYSICAL DESCRIPTION | |
| Extent | 304 p. ; |
| 880 ## - ALTERNATE GRAPHIC REPRESENTATION | |
| Linkage | 100-01\r |
| Title | شہناز بانو |
| 880 ## - ALTERNATE GRAPHIC REPRESENTATION | |
| Linkage | 245-02\r |
| Title | وطن کی بیٹی / |
| 942 ## - ADDED ENTRY ELEMENTS (KOHA) | |
| Source of classification or shelving scheme | |
| Koha item type | Book |
| Withdrawn status | Lost status | Source of classification or shelving scheme | Damaged status | Not for loan | Permanent Location | Current Location | Shelving location | Date acquired | Source of acquisition | Total Checkouts | Full call number | Barcode | Date last seen | Price effective from | Koha item type | Date last checked out | Total Renewals |
|---|---|---|---|---|---|---|---|---|---|---|---|---|---|---|---|---|---|
| Central Library (CL) | Central Library (CL) | Urdu Literature | 09/15/2019 | Donation | 891.4390 BAN | CL-D-541 | 09/15/2019 | 09/15/2019 | Book | ||||||||
| Central Library (CL) | Central Library (CL) | Urdu Literature | 09/15/2019 | Donation | 891.4390 BAN | CL-D-542 | 09/15/2019 | 09/15/2019 | Book | ||||||||
| Central Library (CL) | Central Library (CL) | Urdu Literature | 09/15/2019 | Donation | 891.4390 BAN | CL-D-543 | 09/15/2019 | 09/15/2019 | Book | ||||||||
| Central Library (CL) | Central Library (CL) | Urdu Literature | 09/15/2019 | Donation | 1 | 891.4390 BAN | CL-D-544 | 12/26/2019 | 09/15/2019 | Book | 11/22/2019 | ||||||
| Central Library (CL) | Central Library (CL) | Urdu Literature | 09/15/2019 | Donation | 891.4390 BAN | CL-D-545 | 09/15/2019 | 09/15/2019 | Book | ||||||||
| Central Library (CL) | Central Library (CL) | Urdu Literature | 09/15/2019 | Donation | 891.4390 BAN | CL-D-546 | 09/15/2019 | 09/15/2019 | Book | ||||||||
| Central Library (CL) | Central Library (CL) | Urdu Literature | 09/15/2019 | Donation | 1 | 891.4390 BAN | CL-D-547 | 03/17/2020 | 09/15/2019 | Book | 02/26/2020 | 1 | |||||
| Central Library (CL) | Central Library (CL) | Urdu Literature | 09/15/2019 | Donation | 891.4390 BAN | CL-D-548 | 11/20/2019 | 09/15/2019 | Book | ||||||||
| Central Library (CL) | Central Library (CL) | Urdu Literature | 09/15/2019 | Donation | 891.4390 BAN | CL-D-549 | 09/15/2019 | 09/15/2019 | Book | ||||||||
| Central Library (CL) | Central Library (CL) | Urdu Literature | 09/15/2019 | Donation | 891.4390 BAN | CL-D-550 | 09/15/2019 | 09/15/2019 | Book |
